| 000 | 00553cam a2200193 a 4500 | ||
|---|---|---|---|
| 001 | 11822512 | ||
| 005 | 20240220054653.0 | ||
| 008 | 990702s1998 ce b 000 0 eng | ||
| 020 | _a9559052535 | ||
| 040 |
_aDLC _cDLC _dDLC |
||
| 082 | 0 | 0 |
_a320.9. _221 _bPOL. |
| 100 | 1 | _aPerera, Sasanka. | |
| 245 | 1 | 0 |
_aPolitical violence in Sri Lanka : _bdynamics, consequences, and issues of democratization / _cSasanka Perera. |
| 250 | _a1st. | ||
| 260 |
_aColombo : _bCentre for Women's Research, _c1998. |
||
| 300 | _a100 p. ; | ||
| 650 | 0 | _aViolence | |
| 942 | _cL | ||
| 999 |
_c437 _d437 |
||